000 00643nam a2200217 4500
001 144802
003 ES-MaACL
005 20230906201112.0
007 t|
008 070214s1954 sp r ||||1| spa d
100 1 _aSlaughter, Frank G.
_9106773
245 1 0 _aFort Everglades
_b: novela /
_cFrank G. Slaughter ; [traducción del inglés por Enrique de Juan].
250 _a[1ª ed.].
260 _aBarcelona :
_bPlaneta,
_c1954 (
_fAleu y Domingo)
300 _a376 p. ;
_c19 cm.
490 1 _aGoliat
700 1 _aJuan, Enrique de.
_967090
830 0 _aGoliat
_9181396
852 _aES-MaACL
_jC-8815
_bR.36109
999 _c144802
_d144802